Loading...
| Science - Chemistry | 0 | 7 | 1 | 1 | 65 | 80 | 103.57 | 1 | 7 | 0.00 | 0.00 |
| Science - Other | 0 | 4 | 0 | 0 | 40 | 82 | 105.00 | 0 | 3 | 0.00 | 0.00 |
| Fine Arts - Other | 0 | 4 | 0 | 0 | 40 | 83 | 93.25 | 2 | 3 | 2.63 | 6.67 |
| Fine Arts - Painting and Sculpture | 0 | 4 | 0 | 1 | 40 | 70 | 109.25 | 1 | 3 | 4.12 | 7.14 |
| Science - Physics | 0 | 5 | 2 | 0 | 40 | 72 | 106.20 | 0 | 3 | 0.00 | 0.00 |
| Literature - American | 0 | 3 | 1 | 0 | 25 | 75 | 98.33 | 1 | 3 | 0.00 | 0.00 |
| Fine Arts - Classical Music | 0 | 2 | 0 | 0 | 20 | 50 | 66.50 | 1 | 2 | 0.00 | 0.00 |
| Social Science | 0 | 2 | 1 | 2 | 15 | 106 | 110.50 | 0 | 1 | 4.63 | 6.67 |
| Mythology | 0 | 2 | 1 | 0 | 15 | 71 | 91.50 | 1 | 2 | 6.81 | 14.29 |
| Religion | 0 | 2 | 1 | 0 | 15 | 60 | 74.50 | 2 | 2 | 1.43 | 7.14 |
| Science - Biology | 0 | 1 | 0 | 0 | 10 | 125 | 125.00 | 0 | 1 | 0.00 | 0.00 |
| Literature - World | 0 | 1 | 0 | 0 | 10 | 111 | 111.00 | 0 | 1 | 0.00 | 0.00 |
| Literature - European | 0 | 1 | 0 | 0 | 10 | 95 | 95.00 | 0 | 1 | 0.00 | 0.00 |
| Philosophy | 0 | 1 | 0 | 0 | 10 | 136 | 136.00 | 0 | 1 | 1.65 | 5.71 |
| Literature - British | 0 | 1 | 1 | 0 | 5 | 129 | 129.00 | 0 | 1 | 0.00 | 0.00 |
| History - World | 0 | 0 | 1 | 0 | -5 | 0.00 | 0 | 0 | 0.00 | 0.00 |